Hiện trạng và giải pháp phát triển du lịch An Giang đến năm 2020 : Luận văn thạc sĩ kinh tế chuyên ngành kinh tế Quản trị kinh doanh
Đề tài nghiên cứu quá trình phát triển ngành du lịch An Giang 2005-2009 về số lượng khách du lịch, doanh thu du lịch để đánh giá hiện trạng du lịch An Giang.
Saved in:
| Main Author: | |
|---|---|
| Format: | Book |
| Language: | Undetermined |
| Published: |
Cần Thơ
Trường Đại học Cần Thơ
2009
|
| Subjects: | |
| Tags: |
Add Tag
No Tags, Be the first to tag this record!
|
| Institutions: | Trung tâm Học liệu Trường Đại học Cần Thơ |
|---|
| LEADER | 01043nam a2200217Ia 4500 | ||
|---|---|---|---|
| 001 | CTU_162072 | ||
| 008 | 210402s9999 xx 000 0 und d | ||
| 082 | |a 338.4791 | ||
| 082 | |b Th523 | ||
| 088 | |a 60340102 | ||
| 100 | |a Lê, Thị Ngọc Thủy | ||
| 245 | 0 | |a Hiện trạng và giải pháp phát triển du lịch An Giang đến năm 2020 : | |
| 245 | 0 | |b Luận văn thạc sĩ kinh tế chuyên ngành kinh tế Quản trị kinh doanh | |
| 245 | 0 | |c Lê Thị Ngọc Thủy ; Đỗ Văn Xê (hướng dẫn khoa học) | |
| 260 | |a Cần Thơ | ||
| 260 | |b Trường Đại học Cần Thơ | ||
| 260 | |c 2009 | ||
| 520 | |a Đề tài nghiên cứu quá trình phát triển ngành du lịch An Giang 2005-2009 về số lượng khách du lịch, doanh thu du lịch để đánh giá hiện trạng du lịch An Giang. | ||
| 650 | |a Thương mại du lịch,Tourist trade | ||
| 904 | |i HLoan,Qhieu | ||
| 980 | |a Trung tâm Học liệu Trường Đại học Cần Thơ | ||